| 000 | 01038nam a22003137a 4500 | ||
|---|---|---|---|
| 003 | CHAP | ||
| 005 | 20220329135212.0 | ||
| 008 | 971013s1972 r 00010 d | ||
| 010 | _a32521 | ||
| 011 | _a33493 | ||
| 035 | _a37608 | ||
| 040 | _cCHAP | ||
| 090 | _aTesis | ||
| 100 | 0 | 0 |
_aMathus Morales, José Guillermo. _973024 |
| 245 | _aAprovechamiento de la cera de candelilla en México | ||
| 260 |
_aChapingo, Méx. : _bEl autor, _c1972 |
||
| 300 |
_a116 h. _b: ilus. ; mapa |
||
| 502 | _aTesis (Ing. Agr. Esp. en Bosques) -- ENA. Departamento dde Bosques | ||
| 590 |
_aALEPH _b10 _c20130110 _lUCH01 _h1256 |
||
| 590 |
_aBATCH-UPD _b10 _c20130110 _lUCH01 _h0226 |
||
| 590 |
_aBATCH-UPD _b10 _c20130409 _lUCH01 _h2248 |
||
| 590 |
_aBATCH-UPD _b10 _c20130914 _lUCH01 _h0832 |
||
| 590 |
_aCONVERSION _b10 _c20130109 _lUCH01 _h1318 |
||
| 650 | 1 | 4 |
_aCandelilla. _918328 |
| 901 | _aBK | ||
| 942 | _cFOLL | ||
| 949 |
_bBC _cTES _d-86206 _eTS1 _i37608 _si |
||
| 949 |
_bBC _cTES _d-86207 _eTS2 _fc.2 _i37608 _mDonada por Depto. de Bosques (16-XII-80) _si |
||
| 999 |
_c32521 _d32521 |
||